00197nam a22000977a 4500003000400000082001700004100001900021245002100040260003000061300000800091SGT a954.03bF72C aCHANDRA, BIPAN aFREEDOM STRUGGLE bNATIONAL BOOK TRUSTc1972 a228